000
00335nam a2200145 a 4500
008
971007s1966||||xx 0 und c
040
_a
SNK
_b
slo
_c
SNK
_e
AACR2
100
1
_a
Dreiser, Theodore
245
1
0
_a
Sestra Carrie
260
_a
Bratislava
_b
Tatran
_c
1966
300
_a
464 s.
020
_c
25
044
_a
xo
_c
SK
041
_a
slo
999
_c
10291
_d
10291